Undertale Act - Statystyki

Ogólne statystyki
  • Ten quiz został rozwiązany 22 razy
  • Średni wynik to 16 z 137
Statystyki odpowiedzi
Hint Odpowiedź % Poprawnych
Asgore | Dummy | Knight Knight | +8 others Rozmawiaj
58%
Moldsmall | Napstablook | Papyrus | Tsunderplane Flirt
53%
Moldbygg | Vulkin Przytul
37%
Dogamy i Dogaressa | Doggo | Endogeny | +2 others Pogłaszcz
26%
Napstaplook | Whimsalot | Whimsun Pociesz
21%
Matka Snowdrake'a | Snowdrake Śmiej się
16%
Chilldrake | Matka Snowdrake'a | Snowdrake | Woshua Żart
16%
Madjick Gap się
11%
Final Froggit | Froggit | Napstablook Groź
11%
Reaper Bird | Whimsalot Módl się
11%
Asriel Nadzieja
11%
Lemon Bread | Reaper Bird | Shyren Nuć
11%
Vegetoid Obiad
11%
Mettaton EX Pozuj
11%
Muffet Zapłać
11%
Mettaton Żółty
11%
Undyne Błagaj
5%
So Sorry Coś
5%
Reaper Bird | Woshua Czyść
5%
Mad Mew Mew | Woshua Dotknij
5%
Undyne Fałszywe uderzenie
5%
Final Froggit | Froggit | Ice Cap Komplementuj
5%
Lemon Bread Krzycz
5%
Asriel Marzenie
5%
Mettaton Obróć
5%
Mettaton EX Obróć się
5%
Lemon Bread | Mettaton Płacz
5%
Parsnik | Vegetoid Pożryj
5%
Memoryhead PRZEDMIOT
5%
Doodlebog Rysuj
5%
Ice Cap Ukradnij
5%
Madjick Wyczyść umysł
5%
Royal Guards Wyczyść zbroję
5%
Tsunderplane Zbliż się
5%
Glyde Bucz
0%
Mettaton EX Chwal
0%
Vulkin Dodaj otuchy
0%
Memoryhead Dołącz
0%
Memoryhead DZWOŃ
0%
Endogeny | Greater Dog | Ice Cap Ignoruj
0%
Chilldrake Kłuć się
0%
Vulkin Krytykuj
0%
Final Froggit | Reaper Bird Mistyfikuj
0%
Temmie Nakarm Temmie Płatkami
0%
Aaron | Lemon Bread | Temmie Napnij mięśnie
0%
Moldessa Napraw
0%
Moldsmall Naśladuj
0%
Matka Snowdrake'a | Snowdrake Nękaj
0%
Glyde Nic
0%
Astigmatism | Loox Nie zaczepiaj
0%
Papyrus Obrażaj
0%
Dogamy i Dogaressa Obwąchaj ponownie
0%
Pyrope Ochłodź
0%
Memoryhead Odmów
0%
Lemon Bread | Moldbygg Od przytul
0%
Glyde Oklaskuj
0%
Endogeny | Greater Dog Pobaw się
0%
Pyrope Podgrzej
0%
Moldbygg | Moldessa Połóż się
0%
Gyftrot Prezent
0%
Shyren Prowadź
0%
Aaron Przegoń
0%
Parsnik Przekąska
0%
Moldessa Przełącz
0%
Mettaton Przewróć
0%
Knight Knight Śpiewaj
0%
Memoryhead STAT
0%
Parsnik Sycz
0%
Asriel | Muffet Szamotaj się
0%
Royal Guards Szepnij
0%
Dogamy i Dogaressa Tarzaj się
0%
Whimsalot | Whimsun Terroryzuj
0%
Gyftrot Udekoruj
0%
Shyren Uśmiechnij się
0%
Gyftrot Usuń dekorację
0%
Lemon Bread Wołaj
0%
Astigmatism | Undyne Wyzwanie
0%
Astigmatism | Loox | Reaper Bird Zaczepiaj
0%
Pyrope Zaproś
0%
Endogeny | Greater Dog Zawołaj
0%
Chilldrake Zgadzaj się
0%
Jerry Zostaw
0%
Nie znaleziono quizów pasujących do podanych kryteriów
Rozkład punktacji
Procent ludzi z każdym wynikiem
Percentyl według liczby udzielonych odpowiedzi
Twoja historia wyników
Nie rozwiązałeś tego quizu